000 00710nam a2200253Ia 4500
003 OSt
005 20220924124123.0
006 a|||||r|||| 00| 0
007 ta
008 220923b |||||||| |||| 00| 0 san d
024 _a19233
037 _cTextual
040 _aARTS
_cARTS
_bsan
041 _2san
_asan
082 _aO15,2:g, 111K0;L7
100 _aShekher I.
_9194856
245 0 _aSanskrit drama
_b Its origin and decline
260 _aNew Delhi
_b Munshiram Monoharlal
_c1977
300 _axxvii, 214p.
_ccm.
650 _a SANSKRIT LITERATURE
650 _aSANSKRIT DRAMA
_9148476
942 _hO15,2:g, 111K0;L7
_cTEXL
_2CC
999 _c418484
_d418484